000 00820nam a22002297a 4500
003 UA-OsUOA
001 39003
007 ta
008 20080303b un ||||| |||| 00| 0 ukr d
090 _a050
_bИ99
942 _cBK
040 _aUA-OsUOA
_bukr
_cUA-OsUOA
_dUA-OsUOA
245 _aІнститут українознавства ім. І. Крип'якевича Національної Академії Наук України в 2005 р.
300 _a160 с.
955 _a1
041 _aukr
080 _a050
260 _aЛьвів
_c2006
246 3 1 _aІнформаційний бюлетень
650 7 _a050 Серійні публікації. Періодика галузі, Організація та інші типи поєднання (співробітництва)
_2UDC
999 _c437513
_d437513